| 000 | 01140nam a22002417a 4500 | ||
|---|---|---|---|
| 999 |
_c57311 _d57311 |
||
| 003 | Ge_BSU | ||
| 005 | 20200519151506.0 | ||
| 008 | 200519s2020 xxu||||| |||| 00| 0 geo d | ||
| 020 | _a9789941820984 | ||
| 041 | _ageo | ||
| 080 | _a349.442(479.22) ტ-92 | ||
| 100 |
_aტურავა, პაატა _93298 |
||
| 245 |
_aსამშენებლო სამართალი / _cპაატა ტურავა, კობა ყალიჩავა, რედ. თამარ გაბელაია. |
||
| 264 |
_aთბილისი : _bgiz, _c2020. |
||
| 300 |
_a330 გვ .: _c24 სმ. |
||
| 653 | _aსამშენებლო სამართალი | ||
| 653 | _aსამშენებლო სამართლის სისტემა | ||
| 653 | _aსამართალი | ||
| 700 |
_aყალიჩავა, კობა _96479 |
||
| 700 |
_aგაბელაია, თამარ _eრედაქტორი _95880 |
||
| 856 |
_uhttp://lawlibrary.info/ge/books/2020giz-ge-samsheneblo_samartali.pdf _yელექტრონული ვერსია |
||
| 942 |
_2udc _cBK |
||